| 000 | 00526nam a2200205Ia 4500 | ||
|---|---|---|---|
| 008 | 220204s9999 xx 000 0 und d | ||
| 082 |
_a581.5 _bFIT;2 |
||
| 100 | _aFITTER, A H | ||
| 245 | 0 | _aEnvironmental physiology of plants | |
| 260 |
_aLondon _bAcademic _c1981 |
||
| 490 | _aExperimental botany. V 15 | ||
| 650 | _aEcology | ||
| 650 | _aEnvironmental stress | ||
| 650 | _aEnvironmrntal physiology | ||
| 650 | _aMineral | ||
| 650 | _aNutrient | ||
| 650 | _aPhotoperiodism | ||
| 700 | _aHAY, R K M | ||
| 942 | _cBK | ||
| 999 |
_c36640 _d36640 |
||